• 首页
  • 本馆介绍
  • 公告通知
  • 最新文献
  • 馆藏检索
  • 电子资源
  • 读者导购
  • 参考咨询
  • 我的图书馆
  • 登录
  • 详细信息显示
  • 放入我的书架
  • 预约/预借图书
  • 作者相关作品
  • 分类相关作品
  • 丛书相关作品
  • 出版社相关作品

书目信息

  • 表格格式
  • 工作单格式
  • 卡片格式
题名:
红色记忆
    
 
作者: 鲁林 主编
分册:   1921-1949
出版信息: 济南   济南出版社  2002
页数: 520页
开本: 21cm
丛书名:
单 册:
中图分类: D239 , D23
科图分类:
主题词:
电子资源:
ISBN: 7-80629-509-7
000 00885nam0 2200253 450
001 1573244974
005 20151110104033.83
010    @a7-80629-509-7@dCNY33.00,CNY100.00(全3册)
100    @a20030411d2002----kemy0chiy0110----ea
101 0  @achi
102    @aCN@b370000
105    @aa---z---000yd
200 1  @a红色记忆@9hong se ji yi@i1921-1949@e中国共产党历史口述实录@f鲁林等主编
210    @a济南@c济南出版社@d2002
215    @a520页@c照片@d21cm
330    @a本书共有16章,内容包括:真理标准问题大讨论、十一届三中全会、农村改革、创办经济特区、香港回归、申奥成功、入世谈判等事件。
517 1  @a中国共产党历史口述实录@9zhong guo gong chan dang li shi kou shu shi lu
517 1  @a1921-1949
601 02 @a中国共产党@x党史@z1978-2001@j史料
690    @aD239@v5
690    @aD23@v4
701  0 @a鲁林@9lu lin@c(党史)@4主编
801  0 @aCN@bTSSF@c20150204
905    @aZUCC@dD23@eJY48:1
    
    红色记忆.1921-1949:中国共产党历史口述实录/鲁林等主编.-济南:济南出版社,2002
    520页:照片;21cm
    
    
    ISBN 7-80629-509-7:CNY33.00,CNY100.00(全3册)
    本书共有16章,内容包括:真理标准问题大讨论、十一届三中全会、农村改革、创办经济特区、香港回归、申奥成功、入世谈判等事件。
●
相关链接 在E读中查询图书 在五车中查询图书 在当当中查询图书 在豆瓣中查询图书


正题名:红色记忆     索取号:D23/JY48:1         预约/预借

序号 登录号 条形码 馆藏地/架位号 状态 备注
1 7853989   278539896   学院路分馆/ [索取号:D23/JY48:1] 在馆    
唐山师范学院图书馆 欢迎您!
大连网信软件有限公司© 版权所有